| 000 | 01816nam a22003377a 4500 | ||
|---|---|---|---|
| 005 | 20121003161215.0 | ||
| 008 | 090408t xxu||||| |||| 00| 0 hin d | ||
| 010 | _aHIN-96844 | ||
| 020 |
_c350.00 _a9789350721803 |
||
| 035 | _aHN-69190 | ||
| 037 | _bDBAD / PUB | ||
| 040 |
_aDPL _bHN |
||
| 082 | _a821 | ||
| 100 | _927482 | ||
| 245 |
_aचाँद के पार / _cराज बुद्धराजा एवं योशिओ तकाकुरा द्वारा संपादित;राज बुद्धिराजा;तोमोको किकुचि एवं योशिओ तकाकुरा द्वारा अनुदित |
||
| 246 |
_aChand ke paar _bEd by Raj Buddhiraja |
||
| 260 |
_bवाणी प्रकाशन _c2012 _aनई दिल्ली |
||
| 270 |
_a4695, 21-ए, दरियागंज _bनई दिल्ली _e110002 |
||
| 300 | 1 |
_a151पृ. _c22सेमी (सजिल्द) _bसचित्र |
|
| 650 |
_91169 _aहिन्दी कविताएँ |
||
| 700 |
_927483 _aराज बुद्धराजा |
||
| 700 |
_aयोशिओ तकाकुरा _952812 |
||
| 700 |
_aराज बुद्धिराजा _952813 |
||
| 700 |
_aतोमोको किकुचि _952814 |
||
| 700 |
_aयोशिओ तकाकुरा _952815 |
||
| 710 | _952094 | ||
| 711 |
_aसक्सेना,इरा _952444 |
||
| 942 |
_adpl _cHN _2ddc _mचाँदके _h821 |
||
| 999 |
_c70484 _d70484 |
||